Normal view
MARC view
Entry Topical Term
001 - CONTROL NUMBER
- control field: 35729
003 - CONTROL NUMBER IDENTIFIER
- control field: ARRUPE
005 - DATE AND TIME OF LATEST TRANSACTION
- control field: 20170911112650.0
008 - FIXED-LENGTH DATA ELEMENTS
- fixed length control field: 170911|| aca||aabn | a|a d
040 ## - CATALOGING SOURCE
- Original cataloging agency: ARRUPE
- Transcribing agency: ARRUPE
150 ## - HEADING--TOPICAL TERM
- Topical term or geographic name as entry element: Christian leadership
- General subdivision: Catholic church
670 ## - SOURCE DATA FOUND
- Source citation: Work cat.: (ARRUPE): Lowney, Chris 35727, Everyone leads, 2017